000 01103cam a2200385 i 4500
999 _c200429872
_d47798
001 65506
003 TR-AnTOB
005 20260409091821.0
007 ta
008 110207r19981963enk 000e1 eng 1 eng
020 _a038533348X
020 _a9780385333481
040 _aIBU
_beng
_erda
_cTR-AnTOB
_dTR-AnTOB
041 0 _aeng
050 0 0 _aPS3572.O5
090 _aPS3572.O5
_bC3 1998
100 1 _aVonnegut, Kurt,
_d1922-2007
_eauthor
_937881
245 1 0 _aCat's cradle /
_cKurt Vonnegut.
250 _bOctober 1998
264 1 _aNew York :
_bDelacorte Press,
_c1998.
264 4 _c©1963
300 _a287 pages ;
_c21 cm.
336 _atext
_2rdacontent
337 _aunmediated
_2rdamedia
338 _avolume
_2rdacarrier
650 0 _aAmerican fiction
_973466
650 7 _aDünyanın sonu
_vRoman
_2etuturkob
_9120355
650 0 _aEnd of the world
_vFiction
_9120354
650 7 _aAmerikan romanı
_2etuturkob
_934007
655 0 _aSatire
_95042
655 0 _aHumorous stories
_95288
655 _aScience fiction.
_2gsafd.
_95586
942 _2lcc
_cBK